City Nicknames Around the World - Statistics

General Stats
  • This quiz has been taken 65 times
  • The average score is 8 of 10
Answer Stats
Question Answer % Correct
The city of angels Los Angeles
100%
The Windy City Chicago
95%
Sin City Las Vegas
90%
The Big Apple New York City
90%
City Of Light Paris
86%
The Eternal City Rome
81%
Fashion Capital of the World Milan
76%
The Lion City Singapore
76%
The Fair City Dublin
67%
The Six Toronto
48%
No matching quizzes found
Score Distribution
Percent of People with Each Score
Percentile by Number Answered
Your Score History
You have not taken this quiz